书目信息 |
| 题名: |
量子力学教程习题剖析
|
|
| 作者: | 孙婷雅 编 | |
| 分册: | ||
| 出版信息: | 北京 科学出版社 2004 |
|
| 页数: | 149页 | |
| 开本: | 22cm | |
| 丛书名: | ||
| 单 册: | ||
| 中图分类: | O413.1-44 | |
| 科图分类: | ||
| 主题词: | 量子力学--习题 | |
| 电子资源: | ||
| ISBN: | 7-03-012115-5 | |
| 000 | 00619nam0 2200217 450 | |
| 001 | 0558202827 | |
| 005 | 20051020161432.75 | |
| 010 | @a7-03-012115-5@dCNY16.00 | |
| 092 | @aCN | |
| 100 | @a20051020d2004 km y0chiy0120 ea | |
| 101 | 0 | @achi |
| 102 | @aCN@b110000 | |
| 200 | 1 | @a量子力学教程习题剖析@Aliang zi li xue jiao cheng xi ti pou xi@f孙婷雅编@Fsun ting ya bian |
| 210 | @a北京@c科学出版社@d2004 | |
| 215 | 1 | @a149页@d22cm |
| 300 | @a大学物理习题精解系列 | |
| 606 | 0 | @a量子力学@x习题 |
| 690 | @aO413.1-44@v4 | |
| 701 | 0 | @a孙婷雅@Asun ting ya@4编 |
| 801 | 0 | @aCN@bPFT@c20051020 |
| 905 | @a10447@dO413.1-44@e61 | |
| 量子力学教程习题剖析/孙婷雅编.-北京:科学出版社,2004 |
| 149页;22cm |
| 大学物理习题精解系列 |
| ISBN 7-03-012115-5:CNY16.00 |
| ● |
| 相关链接 |
|
|
|
|
正题名:量子力学教程习题剖析
索取号:O413.1-44/61
 
预约/预借
| 序号 | 登录号 | 条形码 | 馆藏地/架位号 | 状态 | 备注 |
| 1 | 0349208 | 203492087 | 第二样本阅览室/ [索取号:O413.1-44/61] | 在馆 | |
| 2 | 0349209 | 203492096 | 第三借阅区/ [索取号:O413.1-44/61] | 在馆 | |
| 3 | 0349210 | 203492103 | 第三借阅区/ [索取号:O413.1-44/61] | 在馆 | |
| 4 | 0349212 | 203492121 | 第三借阅区/ [索取号:O413.1-44/61] | 在馆 |